Normal view
MARC view
- Robert Lafore, Waite Group
Entry Personal Name
001 - CONTROL NUMBER
- control field: 133307
003 - CONTROL NUMBER IDENTIFIER
- control field: NUST
005 - DATE AND TIME OF LATEST TRANSACTION
- control field: 20260217150630.0
008 - FIXED-LENGTH DATA ELEMENTS
- fixed length control field: 260217|| aca||aabn | a|a d
040 ## - CATALOGING SOURCE
- Original cataloging agency: NUST
- Transcribing agency: NUST
100 ## - HEADING--PERSONAL NAME
- Personal name: Robert Lafore, Waite Group
670 ## - SOURCE DATA FOUND
- Source citation: Work cat.: (NUST): Robert Lafore, Waite Group., Object Oriented Programming in C++ /, 2001.
